• 首页
  • 本馆介绍
  • 公告通知
  • 最新文献
  • 馆藏检索
  • 电子资源
  • 读者导购
  • 参考咨询
  • 我的图书馆
  • 登录
  • 详细信息显示
  • 放入我的书架
  • 预约/预借图书
  • 作者相关作品
  • 分类相关作品
  • 丛书相关作品
  • 出版社相关作品

书目信息

  • 表格格式
  • 工作单格式
  • 卡片格式
题名:
地球概论教程
    
 
作者: 徐宝櫅 , 应振华 编著
分册:  
出版信息: 北京   高等教育出版社  1983.11
页数: 182页
开本: 26cm
丛书名:
单 册:
中图分类: P18
科图分类:
主题词: 太阳系
电子资源:
ISBN: 7-04-000424-0
000 00685nam0 2200241 45
001 0192011460
005 20041202105402.0
010    @a7-04-000424-0@dCNY2.50
020    @aCN@b92011460
100    @a19921118e19921983em y0chiy0121 ea
101 0  @achi
102    @aCN@b110000
105    @ay z 000yy
200 10 @a地球概论教程@Adi qiu gai lun jiao cheng@f徐宝櫅,应振华编著@Fxu bao fen ying zhen hua bian zhu
210    @a北京@c高等教育出版社@d1983.11@h1989.8第4次重印
215    @a182页@d26cm
300    @a高等学校试用教材
606 0  @a太阳系
690    @aP18@v3
701  0 @a徐宝櫅@4编著
701  0 @a应振华@4编著
801  0 @aCN@bNLC@c19921118
905    @dP18@e66@f1@b226225
    
    地球概论教程/徐宝櫅,应振华编著.-北京:高等教育出版社,1983.11(1989.8第4次重印)
    182页;26cm
    高等学校试用教材
    
    ISBN 7-04-000424-0:CNY2.50
    
●
相关链接 在E读中查询图书 在五车中查询图书 在当当中查询图书 在豆瓣中查询图书


正题名:地球概论教程     索取号:P18/66         预约/预借

序号 登录号 条形码 馆藏地/架位号 状态 备注
1 0226225   000628869   第三借阅区/ [索取号:P18/66] 在馆    
2 0226226   001949958   第三借阅区/ [索取号:P18/66] 在馆    
3 0226227   000628850   第二样本阅览室/ [索取号:P18/66] 在馆    
唐山师范学院图书馆 欢迎您!
大连网信软件有限公司© 版权所有